<?xml version="1.0" encoding="UTF-8"?><?xml-stylesheet type="text/xsl" href="static/style.xsl"?><OAI-PMH xmlns="http://www.openarchives.org/OAI/2.0/" xmlns:xsi="http://www.w3.org/2001/XMLSchema-instance" xsi:schemaLocation="http://www.openarchives.org/OAI/2.0/ http://www.openarchives.org/OAI/2.0/OAI-PMH.xsd"><responseDate>2026-04-28T19:17:53Z</responseDate><request verb="GetRecord" identifier="oai:uvadoc.uva.es:10324/28145" metadataPrefix="marc">https://uvadoc.uva.es/oai/request</request><GetRecord><record><header><identifier>oai:uvadoc.uva.es:10324/28145</identifier><datestamp>2021-06-29T19:49:01Z</datestamp><setSpec>com_10324_38</setSpec><setSpec>col_10324_852</setSpec></header><metadata><record xmlns="http://www.loc.gov/MARC21/slim" xmlns:doc="http://www.lyncode.com/xoai" xmlns:xsi="http://www.w3.org/2001/XMLSchema-instance" xmlns:dcterms="http://purl.org/dc/terms/" xsi:schemaLocation="http://www.loc.gov/MARC21/slim http://www.loc.gov/standards/marcxml/schema/MARC21slim.xsd">
<leader>00925njm 22002777a 4500</leader>
<datafield tag="042" ind1=" " ind2=" ">
<subfield code="a">dc</subfield>
</datafield>
<datafield tag="720" ind1=" " ind2=" ">
<subfield code="a">Palomo Hebrero, Saioa</subfield>
<subfield code="e">author</subfield>
</datafield>
<datafield tag="260" ind1=" " ind2=" ">
<subfield code="c">2017</subfield>
</datafield>
<datafield tag="520" ind1=" " ind2=" ">
<subfield code="a">En los últimos años de la dictadura de Francisco Franco se fraguó en España un&#xd;
ambiente político que buscaba el cambio hacia la democracia. Esta transformación&#xd;
implicó a su vez un esfuerzo social que se trasladó también a los políticos gracias a la&#xd;
opinión pública que los medios de comunicación reflejaban. Fue un momento histórico&#xd;
en el que la sociedad española apostó por los derechos y las libertades pero que a día de&#xd;
hoy sigue suscitando críticas. Las mujeres también tuvieron su papel en esta lucha, sin&#xd;
embargo, su reconocimiento fue distinto al de los hombres. De igual forma, se avanzaba&#xd;
en derechos sociales pero no se hacía hincapié en los derechos de las mujeres que&#xd;
buscaban la igualdad. En el presente estudio se pretende dar luz a esa presencia de las&#xd;
mujeres y observar cómo fue su aparición en la prensa tomando como referencia El&#xd;
Norte de Castilla.</subfield>
</datafield>
<datafield tag="024" ind2=" " ind1="8">
<subfield code="a">http://uvadoc.uva.es/handle/10324/28145</subfield>
</datafield>
<datafield tag="245" ind1="0" ind2="0">
<subfield code="a">Análisis de la presencia de las mujeres en las portadas de El Norte de Castilla durante la Transición española (1975-1982)</subfield>
</datafield>
</record></metadata></record></GetRecord></OAI-PMH>